01127nam a2200313 a 450000100060000000300100000600500170001600700030003300800410003602000180007704000300009504100140012508200230013924502160016225000180037830000300039633600270042633700330045333800280048650400400051453400200055465000250057465000520059965000450065170000360069670000220073270000320075470000270078660620CO-BoRNBP20260225201551.0ta090710s2009 sp a gr 00110 spa d a9788497514460 aCO-BoBLA bspa cCO-BoBLA1 aspa hger04a616.74 bL41 221.03aEl libro de los músculos : banatomía, exploración, función / cKlaus-Peter Valerius ... [et al.] ; con la colaboración de Roland Kreutzer ; traducción Gemma Perramon Serra, Antoni Cabot Hernández. a1a. edición a420 p. : bil. ; c24 cm. 2rdacontentatextobtxt 2rdamediaasin mediaciónbn 2rdacarrieravolumenbnc aIncluye bibliografías e índice. tDas Muskelbuch. 7aMúsculos.2BLAAUTO 7aAnatomía topográfica y funcional.2BLAAUTO 7aPruebas de función (Medicina)2BLAAUTO1 aCabot Hernández, Antoni,etr.1 aKreutzer, Roland.1 aPerramon Serra, Gemma,etr.1 aValerius Klaus, Peter.